|
|
|
|
| LEADER |
01283nam a22003137a 4500 |
| 001 |
42411 |
| 003 |
BD-DhAAL |
| 005 |
20240313120329.0 |
| 008 |
240313t2000 nyua|||| |||| 001 0 eng d |
| 020 |
|
|
|a 0022782230
|
| 040 |
|
|
|a BD-DhAAL
|d BD-DhAAL
|
| 082 |
|
|
|a 580
|2 22
|
| 245 |
|
|
|a Plants /
|c Richard Moyer ... [et al.].
|
| 260 |
|
|
|a New York :
|b McGraw-Hill School Division,
|c ©2000
|
| 300 |
|
|
|a v, various pagings :
|b illustrations ;
|c 28 cm.
|
| 500 |
|
|
|a Includes index
|
| 541 |
|
|
|a Donation from the Asia Foundation
|e 42411
|
| 650 |
|
|
|a Botany Study and teaching (Elementary)
|9 56143
|
| 650 |
|
|
|a Botany.
|9 27259
|
| 650 |
|
|
|a Botany, Economic.
|9 56144
|
| 650 |
|
|
|a Plants
|x Social aspects.
|9 56145
|
| 700 |
|
|
|a Moyer, Richard.
|9 55346
|
| 700 |
|
|
|a Daniel, Lucy.
|9 55347
|
| 700 |
|
|
|a Hackett, Jay.
|9 55348
|
| 710 |
|
|
|a Macmillan/McGraw-Hill School Publishing Company.
|9 35788
|
| 942 |
|
|
|2 ddc
|c BK
|
| 999 |
|
|
|c 46462
|d 46462
|
| 952 |
|
|
|0 0
|1 0
|2 ddc
|4 0
|6 580_000000000000000_PLA
|7 0
|9 75258
|a SCL
|b SCL
|c GEN
|d 2024-03-13
|e Donation from the Asia Foundation
|l 0
|o 580 PLA
|p 3020042410
|r 2024-03-13
|t 1
|w 2024-03-13
|y BK
|
| 952 |
|
|
|0 0
|1 0
|2 ddc
|4 0
|6 580_000000000000000_PLA
|7 0
|9 75259
|a SCL
|b SCL
|c GEN
|d 2024-03-13
|e Donation from the Asia Foundation
|l 0
|o 580 PLA
|p 3020042411
|r 2024-03-13
|t 2
|w 2024-03-13
|y BK
|